Statistics for Top 25 Provinces and States by Population in Canada, USA & Mexico

Click here to take the quiz!

General Stats

  • This quiz has been taken 30 times
  • The average score is 18 of 25

Answer Stats

CountryPopulation (2020-2021)Answer% Correct
USA39,538,223California
96%
USA29,145,505Texas
89%
USA21,538,187Florida
85%
Mexico16,992,418México
85%
USA20,201,249New York
85%
Canada14,223,942Ontario
85%
USA7,151,502Arizona
81%
USA10,711,908Georgia
81%
USA6,177,224Maryland
81%
USA10,077,331Michigan
81%
USA10,439,388North Carolina
81%
USA11,799,448Ohio
81%
USA13,002,700Pennsylvania
81%
USA12,812,508Illinois
78%
USA8,631,393Virginia
78%
USA7,705,281Washington
78%
USA6,785,528Indiana
74%
USA9,288,994New Jersey
70%
Canada8,501,833Quebec
70%
USA7,029,917Massachusetts
67%
USA6,910,840Tennessee
63%
Mexico8,348,151Jalisco
41%
Mexico8,062,579Veracruz
41%
Mexico6,583,278Puebla
33%
USA9,209,944Ciudad de México
26%

Score Distribution

Percentile by Number Answered

Percent of People with Each Score

Your Score History

You have not taken this quiz